书目信息 |
| 题名: |
绩效审计
|
|
| 作者: | 郑石桥 主编 | |
| 分册: | ||
| 出版信息: | 大连 东北财经大学出版社 2020.10 |
|
| 页数: | 236页 | |
| 开本: | 24cm | |
| 丛书名: | ||
| 单 册: | ||
| 中图分类: | F239.42 | |
| 科图分类: | ||
| 主题词: | 效益审计--xiao yi shen ji--研究生--教材 | |
| 电子资源: | ||
| ISBN: | 978-7-5654-3978-0 | |
| 000 | 01204nam0 2200265 450 | |
| 001 | 2161469305 | |
| 005 | 20211003084255.77 | |
| 010 | @a978-7-5654-3978-0@dCNY45.00 | |
| 100 | @a20210123d2020 em y0chiy0120 ea | |
| 101 | 0 | @achi |
| 102 | @aCN@b210000 | |
| 105 | @ay z 000yy | |
| 106 | @ar | |
| 200 | 1 | @a绩效审计@Aji xiao shen ji@dPerformance auditing@f郑石桥主编@zeng |
| 205 | @a3版 | |
| 210 | @a大连@c东北财经大学出版社@d2020.10 | |
| 215 | @a236页@d24cm | |
| 300 | @a新世纪研究生教学用书·会计系列 含MPAcc、MAud及MBA、EMBA财会方向 | |
| 330 | @a本教材以绩效审计技术为重点,对绩效审计技术相关理论、原理、操作及应用做全面且深入的阐述。内容框架为:理论篇、技术篇和应用篇。绩效审计主要内容包括:绩效审计模式、绩效审计步骤及技术方法概览、绩效审计准则、绩效审计标准和绩效审计证据、绩效审计项目选择方法和计划编制方法、绩效审计现场取证方法、绩效审计分析和评价方法、绩效审计后续跟踪审计方法、绩效审计质量控制方法、信息技术在绩效审计中的应用、绩效审计案例等。 | |
| 510 | 1 | @aPerformance auditing@zeng |
| 606 | 0 | @a效益审计@Axiao yi shen ji@x研究生@j教材 |
| 690 | @aF239.42@v5 | |
| 701 | 0 | @a郑石桥@Azheng shi qiao@4主编 |
| 801 | 0 | @aCN@b百万庄@c20210929 |
| 905 | @b1302974-77@dF239.42@e673=3@f4 | |
| 绩效审计=Performance auditing/郑石桥主编.-3版.-大连:东北财经大学出版社,2020.10 |
| 236页;24cm |
| 新世纪研究生教学用书·会计系列 含MPAcc、MAud及MBA、EMBA财会方向 |
| ISBN 978-7-5654-3978-0:CNY45.00 |
| 本教材以绩效审计技术为重点,对绩效审计技术相关理论、原理、操作及应用做全面且深入的阐述。内容框架为:理论篇、技术篇和应用篇。绩效审计主要内容包括:绩效审计模式、绩效审计步骤及技术方法概览、绩效审计准则、绩效审计标准和绩效审计证据、绩效审计项目选择方法和计划编制方法、绩效审计现场取证方法、绩效审计分析和评价方法、绩效审计后续跟踪审计方法、绩效审计质量控制方法、信息技术在绩效审计中的应用、绩效审计案例等。 |
| ● |
| 相关链接 |
|
|
|
|
正题名:绩效审计
索取号:F239.42/673=3
 
预约/预借
| 序号 | 登录号 | 条形码 | 馆藏地/架位号 | 状态 | 备注 |
| 1 | 1302974 | 213029747 | 第一样本阅览室/ [索取号:F239.42/673=3] | 在馆 | |
| 2 | 1302975 | 213029756 | 第一借阅区/ [索取号:F239.42/673=3] | 在馆 | |
| 3 | 1302976 | 213029765 | 第一借阅区/ [索取号:F239.42/673=3] | 在馆 | |
| 4 | 1302977 | 213029774 | 第一借阅区/ [索取号:F239.42/673=3] | 在馆 |